00786nam a22002297a 450000100040000000500170000402000150002104000230003605000210005908200140008010000160009424500180011024600500012826000360017830000480021450500070026252001600026952100290042952100190045865000500047765000290052766020250403093824.0 a071667288X aDLCcDLCdDLCbeng00aGB461b.C67 200000a577.7221 aChin, Jason00aCoral reefs /14aWorld Book encyclopedia presents, coral reefs aNew York :bScholastic ;c2011. a38 pages :bcolor illustrations ;c28 cm. + aJ  aA young girl gets quite a surprise when the text of a library book she is reading transforms her surroundings into those of a teeming-with-life coral reef! a480 bLexile estimate  aJ bRaz-Plus  0aCoral reefs and islandsvJuvenile literature. 1aCoral reefs and islands.